LEADER 05394nam 2200697Ia 450 001 9910454291203321 005 20200520144314.0 010 $a1-281-93473-9 010 $a9786611934736 010 $a981-279-484-0 035 $a(CKB)1000000000537795 035 $a(EBL)1679392 035 $a(OCoLC)879023575 035 $a(SSID)ssj0000243610 035 $a(PQKBManifestationID)11188245 035 $a(PQKBTitleCode)TC0000243610 035 $a(PQKBWorkID)10160303 035 $a(PQKB)11205039 035 $a(MiAaPQ)EBC1679392 035 $a(WSP)00005489 035 $a(Au-PeEL)EBL1679392 035 $a(CaPaEBR)ebr10255845 035 $a(CaONFJC)MIL193473 035 $a(EXLCZ)991000000000537795 100 $a20041008d2004 uy 0 101 0 $aeng 135 $aur|n|---||||| 181 $ctxt 182 $cc 183 $acr 200 00$aSelected topics in post-genome knowledge discovery$b[electronic resource] /$feditor[s], Limsoon Wong, Louxin Zhang 210 $aSingapore $cSingapore University Press ;$aSingapore ;$aRiver Edge, NJ $cWorld Scientific Pub. Co.$dc2004 215 $a1 online resource (176 p.) 225 1 $aLecture notes series ;$vvol. 3 300 $aDescription based upon print version of record. 311 $a981-238-780-3 320 $aIncludes bibliographical references. 327 $aContents ; Foreword ; Preface ; Dynamic Programming Strategies for Analyzing Biomolecular Sequences ; 1. Introduction ; 2. Elementary Dynamic-Programming Algorithms ; 2.1. Fibonacci numbers ; 2.2. The maximum-sum substring problem ; 2.3. Longest increasing subsequence 327 $a2.4. Longest common subsequence 3. Sequence Alignment ; 3.1. Global alignment ; 3.2. Local alignment ; 3.3. Affine gap penalties ; 3.4. Space-saving strategies ; 3.5. Multiple sequence alignment ; The Representation Comparison and Prediction of Protein Pathways ; 1. Introduction 327 $a2. Online Pathway Resources 3. Pathway Representation ; 3.1. Pathway Space ; 3.2. SLIPR Format ; 4. Pathway Comparison ; 4.1. Comparing Individual Components ; 4.2. Aligning Two Pathways Using Dynamic Programming ; 4.3. Pathway Database Comparison 327 $a4.4. One Implementation: PM_search Documentation 5. Orthologous Pathway Prediction ; 6. Discussion ; 6.1. Theoretical Issues on Evolutionary Study of Pathways ; 6.2. Establishing a Relational Pathway Database and its Web Interfaces ; 6.3. Pathway Prediction and Beyond 327 $aGene Network Inference and Biopathway Modeling 1. Introduction ; 2. Gene Network Inference from Microarray Data ; 2.1. Boolean Network Model ; 2.2. Bayesian Network Model ; 3. Modeling and Simulation ; 3.1. Architecture for Biopathway Modeling ; 3.2. How to Model Biopathways 327 $a3.3. Genomic Object Net and Biopathway Databases Towards Simulation 330 $a The Institute for Mathematical Sciences at the National University of Singapore organized a program on "Post-Genome Knowledge Discovery" from January to June 2002. The program focused on the computational and statistical analysis of sequences and genetics, and the mathematical modeling of complex biological interactions, which are critical to the accurate annotation of genomic sequences, the study of the interplay between genes and proteins, and the study of the genetic variability of species. As part of the program, tutorials for graduate students and newcomers to this transdisciplinary area 410 0$aLecture notes series (National University of Singapore. Institute for Mathematical Sciences) ;$vv. 3. 606 $aGenetics$xMathematics 606 $aGenetics 608 $aElectronic books. 615 0$aGenetics$xMathematics. 615 0$aGenetics. 676 $a572.8 676 $a572.80285 701 $aWong$b Limsoon$f1965-$0950084 701 $aZhang$b Louxin$0950085 801 0$bMiAaPQ 801 1$bMiAaPQ 801 2$bMiAaPQ 906 $aBOOK 912 $a9910454291203321 996 $aSelected topics in post-genome knowledge discovery$92147927 997 $aUNINA LEADER 03421nam 2200649 a 450 001 9910785831403321 005 20230617034137.0 010 $a3-11-092428-5 024 7 $a10.1515/9783110924282 035 $a(CKB)2670000000250363 035 $a(EBL)3041547 035 $a(SSID)ssj0000625052 035 $a(PQKBManifestationID)11388735 035 $a(PQKBTitleCode)TC0000625052 035 $a(PQKBWorkID)10595384 035 $a(PQKB)10151317 035 $a(MiAaPQ)EBC3041547 035 $a(WaSeSS)Ind00018355 035 $a(DE-B1597)56703 035 $a(OCoLC)1013950481 035 $a(OCoLC)840441791 035 $a(DE-B1597)9783110924282 035 $a(Au-PeEL)EBL3041547 035 $a(CaPaEBR)ebr10595841 035 $a(OCoLC)922944551 035 $a(EXLCZ)992670000000250363 100 $a20060414d2005 uy 0 101 0 $ager 135 $aurcn||||||||| 181 $ctxt 182 $cc 183 $acr 200 00$aGott und die Go?tter bei Plutarch$b[electronic resource] $eGo?tterbilder - Gottesbilder - Weltbilder /$fherausgegeben von Rainer Hirsch-Luipold 210 $aBerlin ;$aNew York $cDe Gruyter$dc2005 215 $a1 online resource (300 p.) 225 0 $aReligionsgeschichtliche Versuche und Vorarbeiten ;$v54 300 $aProceedings of a conference held February 2-4, 2005, in Go?ttingen, Germany. 311 0 $a3-11-018479-6 320 $aIncludes bibliographical references and indexes. 327 $tFront matter --$tVorwort /$rHirsch Luipold, Rainer --$tInhaltsverzeichnis --$tEinleitung /$rHIRSCH-LUIPOLD, RAINER --$tI GOTTESBILDER: Die Gottesbilder der philosophischen Tradition und der Gott Plutarchs --$tDer Gott Plutarchs und der Gott Platons /$rFERRARI, FRANCO --$tPlutarch's Middle-Platonic God: About to Enter (or Remake) the Academy /$rBRENK, FREDERICK E. --$tDemiurges in Early Imperial Platonism /$rOPSOMER, JAN --$t"?????????? als Wesenszug des Göttlichen" /$rPÉREZ JIMÉNEZ, AURELIO --$tGöttlichkeit und Glaube. Persönliche Gottesbeziehung im Spätwerk Plutarchs /$rFRAZIER, FRANÇOISE --$tII GÖTTERBILDER: Die Götter der traditionellen Religion und der Gott Plutarchs --$tDer eine Gott bei Philon von Alexandrien und Plutarch /$rHIRSCH-LUIPOLD, RAINER --$tEros als Gott in Plutarchs "Amatorius" /$rGÖRGEMANNS, HERWIG --$tPlutarch and Apollo of Delphi /$rSTADTER, PHILIP A. --$tOsiris: Der Gott der Toten als Gott des Lebens (De Iside Kap. 76-78) /$rFELDMEIER, REINHARD --$tNo Cause for Alarm: Chthonic Deities in Plutarch /$rSTOCKT, LUC VAN DER --$tPlutarch und die Götterbilder /$rGRAF, FRITZ --$tVerzeichnis moderner Autoren --$tStellenregister 330 $aTagungsband zur religiösen Philosophie Plutarchs mit zwölf Vorträgen führender Plutarchforscher aus den Bereichen Philosophie, Klassische Philologie, Religionswissenschaft und Theologie. 410 0$aReligionsgeschichtliche Versuche und Vorarbeiten 606 $aGods, Greek$vCongresses 606 $aPhilosophy, Ancient$vCongresses 607 $aGreece$xReligion$vCongresses 615 0$aGods, Greek 615 0$aPhilosophy, Ancient 676 $a200 686 $a18.43$2bcl 701 $aHirsch-Luipold$b Rainer$f1967-$0616285 801 0$bMiAaPQ 801 1$bMiAaPQ 801 2$bMiAaPQ 906 $aBOOK 912 $a9910785831403321 996 $aGott und die Gotter bei Plutarch$91462115 997 $aUNINA